ბათუმის შოთა რუსთაველის სახელმწიფო უნივერსიტეტის ბიბლიოთეკა

ჩანაწერი Personal Name

ჩანაწერთა რაოდენობა, რომელიც გამოყენებულია: 4

001 - CONTROL NUMBER

  • control field: 1071

003 - CONTROL NUMBER IDENTIFIER

  • control field: GE_BSU

005 - DATE AND TIME OF LATEST TRANSACTION

  • control field: 20190513155559.0

008 - FIXED-LENGTH DATA ELEMENTS

  • fixed length control field: 190513|| aca||aabn | a|a d

040 ## - CATALOGING SOURCE

  • Original cataloging agency: GE_BSU
  • Transcribing agency: GE_BSU

100 ## - HEADING--PERSONAL NAME

  • Personal name: ბასილაძე, იმერ

670 ## - SOURCE DATA FOUND

  • Source citation: Work cat.: (GE_BSU)36163: ბასილაძე, იმერ , ისაკ ბალანჩივაძე - გამოჩენილი პედაგოგი, ორგანიზატორი და მკვლევარი /